Statistics for Pasta By Pictures

Click here to take the quiz!

General Stats

  • This quiz has been taken 82 times
  • The average score is 9 of 16

Answer Stats

Answer% Correct
Spaghetti
91%
Penne
89%
Lasagna
87%
Ravioli
83%
Macaroni
71%
Rigatoni
64%
Tortellini
64%
Fusilli
63%
Farfalle
55%
Orzo
47%
Cannelloni
38%
Fettuccine
37%
Conchiglie/Jumbo shells
24%
Gemelli
17%
Ditalini
16%
Cavatappi
11%

Score Distribution

Percentile by Number Answered

Percent of People with Each Score

Your Score History

You have not taken this quiz